Loading...
| History - Other | 0 | 5 | 0 | 1 | 50 | 62 | 98.20 | 0 | 2 | 0.00 | 0.00 |
| History - World | 0 | 6 | 2 | 1 | 50 | 34 | 79.83 | 3 | 6 | 0.00 | 0.00 |
| Religion | 0 | 4 | 0 | 3 | 40 | 102 | 116.00 | 0 | 0 | 0.00 | 0.00 |
| Social Science | 0 | 4 | 1 | 0 | 35 | 64 | 76.25 | 0 | 2 | 0.00 | 0.00 |
| History - American | 0 | 4 | 1 | 1 | 35 | 76 | 96.75 | 0 | 1 | 0.00 | 0.00 |
| History - European | 0 | 3 | 1 | 1 | 25 | 87 | 111.67 | 0 | 0 | 0.00 | 0.00 |
| Current Events | 0 | 2 | 1 | 0 | 15 | 43 | 54.00 | 1 | 1 | 0.00 | 0.00 |
| Literature - American | 0 | 1 | 0 | 0 | 10 | 100 | 100.00 | 1 | 1 | 0.00 | 0.00 |
| Philosophy | 0 | 1 | 0 | 0 | 10 | 105 | 105.00 | 0 | 0 | 0.00 | 0.00 |
| Fine Arts - Other | 0 | 1 | 0 | 1 | 10 | 128 | 128.00 | 0 | 0 | 0.00 | 0.00 |
| Science - Physics | 0 | 1 | 0 | 1 | 10 | 106 | 106.00 | 0 | 0 | 0.00 | 0.00 |
| Geography | 0 | 1 | 0 | 1 | 10 | 124 | 124.00 | 0 | 0 | 0.00 | 0.00 |
| Mythology | 0 | 0 | 0 | 0 | 0 | 0.00 | 0 | 0 | 0.00 | 0.00 |